LEADER 02518nam 2200637 450 001 9910703467503321 005 20170606145140.0 010 $a1-61942-583-1 035 $a(CKB)3710000000897246 035 $a(MiAaPQ)EBC4728098 035 $a(OCoLC)891770332 035 $a(OCoLC)993710000000897246 035 $a(EXLCZ)993710000000897246 100 $a20161104h20122012 uy 0 101 0 $aeng 135 $aurcnu|||||||| 181 $2rdacontent 182 $2rdamedia 183 $2rdacarrier 200 04$aThe Peace Corps $econsiderations, assessments and safety /$fOttis E. Winter and Art B. Krause, editors 205 $a[Archived version]. 210 1$aNew York :$cNova,$d2012. 210 4$dİ2012 215 $a1 online resource (333 pages) $cillustrations, tables 225 1 $aForeign Policy of the United States 300 $aIncludes index. 311 $a1-61942-553-X 330 $aThe Peace Corps is an international service organization of the United States Government, which sends Americans abroad to serve the pressing needs of people around the world. The Peace Corps website offers a thorough overview of the Volunteer experience: The types of work Volunteers do, the countries in which Volunteers serve, a step-by-step guide to the application process, and details about how Volunteers live. Also features photos and videos of the Peace Corps experience, Passport Blog, and several social media links. 410 0$aForeign policy of the United States. 606 $aVoluntarism$xInternational cooperation 606 $aVoluntarism$zDeveloping countries 606 $aVolunteers$zDeveloping countries 606 $aVoluntarism$2fast 606 $aVoluntarism$xInternational cooperation$2fast 606 $aVolunteers$2fast 607 $aDeveloping countries$2fast 608 $aHistory.$2fast 615 0$aVoluntarism$xInternational cooperation. 615 0$aVoluntarism 615 0$aVolunteers 615 7$aVoluntarism. 615 7$aVoluntarism$xInternational cooperation. 615 7$aVolunteers. 676 $a309.223573 702 $aWinter$b Ottis E. 702 $aKrause$b Art B. 712 02$aFederal Depository Library Program, 712 02$aUnited States.$bGovernment Printing Office, 712 02$aUnited States.$bGovernment Publishing Office, 801 0$bMiAaPQ 801 1$bMiAaPQ 801 2$bMiAaPQ 906 $aBOOK 912 $a9910703467503321 996 $aThe Peace Corps$93202146 997 $aUNINA LEADER 01815oam 2200493M 450 001 9910716213603321 005 20200213070532.5 035 $a(CKB)5470000002519993 035 $a(OCoLC)1065842077 035 $a(OCoLC)995470000002519993 035 $a(EXLCZ)995470000002519993 100 $a20071213d1926 ua 0 101 0 $aeng 135 $aurcn||||||||| 181 $ctxt$2rdacontent 182 $cc$2rdamedia 183 $acr$2rdacarrier 200 10$aAmendment of paragraph 18, section 1 of the Interstate Commerce Act. April 5, 1926. -- Ordered to be printed 210 1$a[Washington, D.C.] :$c[U.S. Government Printing Office],$d1926. 215 $a1 online resource (2 pages) 225 1 $aSenate report / 69th Congress, 1st session. Senate ;$vno. 556 225 1 $a[United States congressional serial set ] ;$v[serial no. 8525] 300 $aBatch processed record: Metadata reviewed, not verified. Some fields updated by batch processes. 300 $aFDLP item number not assigned. 606 $aAdministrative law 606 $aLegislative amendments 606 $aRailroad construction workers 606 $aRailroads$xDesign and construction 606 $aRailroads 608 $aLegislative materials.$2lcgft 615 0$aAdministrative law. 615 0$aLegislative amendments. 615 0$aRailroad construction workers. 615 0$aRailroads$xDesign and construction. 615 0$aRailroads. 701 $aMayfield$b Earle Bradford$f1881-1964$pDemocrat (TX)$01386805 801 0$bWYU 801 1$bWYU 801 2$bOCLCO 801 2$bOCLCQ 906 $aBOOK 912 $a9910716213603321 996 $aAmendment of paragraph 18, section 1 of the Interstate Commerce Act. April 5, 1926. -- Ordered to be printed$93524153 997 $aUNINA